000 00285nam a2200109Ia 4500
001 1264713
005 20260417141947.0
008 260417s9999 xx 000 0 und d
020 _a9786051851303
245 0 _aBir Yazın Tarihi
_cHalit Ziya Uşaklıgil
260 _bEverest Yayınları
999 _c1264713
_d1264713